Coaching athletes to be their best : motivational interviewing in sports /

Bibliographic Details
Main Author: Rollnick, Stephen (Author)
Corporate Author: EBSCOhost
Format: eBook
Language:English
Published: New York, NY : The Guilford Press, [2020]
Series:Applications of motivational interviewing.
Subjects:
Online Access:Connect to the full text of this electronic book

MARC

Tag First Indicator Second Indicator Subfields
LEADER 00000nam a2200000Ii 4500
001 in00005684021
003 OCoLC
005 20191101142553.0
006 m o d
007 cr cnu---unuuu
008 190928s2020 nyu ob 001 0 eng d
024 8 |a 90103379666 
040 |a EBLCP  |b eng  |e rda  |c EBLCP  |d N$T  |d OCLCQ  |d YDXIT 
020 |a 9781462541331  |q electronic book 
020 |a 146254133X  |q electronic book 
035 |a (OCoLC)1121138344 
050 4 |a GV711  |b .R65 2020 
082 0 4 |a 796.07/7  |2 23 
100 1 |a Rollnick, Stephen,  |e author. 
245 1 0 |a Coaching athletes to be their best :  |b motivational interviewing in sports /  |c Stephen Rollnick, [and 3 others]. 
264 1 |a New York, NY :  |b The Guilford Press,  |c [2020] 
300 |a 1 online resource. 
336 |a text  |b txt  |2 rdacontent 
337 |a computer  |b c  |2 rdamedia 
338 |a online resource  |b cr  |2 rdacarrier 
490 1 |a Applications of motivational interviewing 
504 |a Includes bibliographical references and index. 
505 0 |a Cover; Half Title Page; Series Page; Title Page; Copyright; Dedication; About the Authors; Preface; Acknowledgments; Contents; Part I. Motivational Interviewing; Chapter 1. A Different Approach; Chapter 2. Mindset; Chapter 3. Method; Chapter 4. Skills; Chapter 5. Affirming; Chapter 6. Rolling with Athlete Resistance to Change; Part II. Toolbox; Chapter 7. Connecting Rapidly; Chapter 8. Lifting Motivation: Three Strategies; Chapter 9. Setting Goals and Making Plans; Chapter 10. Giving Advice and Feedback; Part III. Around the Field; Chapter 11. Teamwork 1: Developing Social Skills 
505 8 |a Chapter 12. Teamwork 2: Making Decisions as a UnitChapter 13. Changing Behavior and Lifestyle; Chapter 14. Coaching in Poor Communities; Chapter 15. Connecting and Culture Change; Part IV. MI Playbook; Sheet 1. Coaching Mastery: A Guide for Parents, Fellow Coaches, and Support Staff; Sheet 2. Relationships: The Foundation of Masterful Coaching; Sheet 3. Empathy: Becoming a Better Coach; Sheet 4. Overview of Motivational Interviewing; Sheet 5. MI Mindset; Sheet 6. Learning MI; Sheet 7. Useful Questions; Sheet 8. Listening: Getting the Basics Right; Sheet 9. Summaries 
505 8 |a Sheet 10. Teamwork 1: Improving Social SkillsSheet 11. Teamwork 2: Making Decisions as a Unit; Appendix. Resources; References; Index 
532 1 |3 EBSCOhost  |a "EBSCO evaluates our products based on the Web Content Accessibility Guidelines (WCAG) and the related Section 508 and EN 301 549 regulations in the US and EU. Most EBSCO products are substantially conformant with WCAG 2.2 level AA." Source: https://connect.ebsco.com/s/article/EBSCO-VPATs?language=en_US. Last accessed April 22, 2025. 
588 |a Description based on online resource; title from digital title page (viewed on November 01, 2019). 
650 0 |a Coaching (Athletics) 
650 0 |a Motivational interviewing. 
650 0 |a Motivation (Psychology) 
650 0 |a Success. 
655 7 |a Electronic books.  |2 local 
710 2 |a EBSCOhost 
776 1 8 |i Print version:  |a Rollnick, Stephen  |t Coaching Athletes to Be Their Best : Motivational Interviewing in Sports  |d New York : Guilford Publications,c2019  |z 9781462541270 
830 0 |a Applications of motivational interviewing. 
856 4 0 |u http://proxy.library.tamu.edu/login?url=https://search.ebscohost.com/login.aspx?direct=true&scope=site&db=nlebk&db=nlabk&AN=2171141  |z Connect to the full text of this electronic book  |t 0 
945 |b 627997 
955 |a YBP purchased EBSCO DDA e-records 
980 |b ebook  |c 90103379666  |f DDA  |g 565702  |k USD  |m 100.32  |q 1  |s AcqMono Conventional  |t Demand driven acquisitions (DDA)  |u Vendor order reference number  |v ZYBP  |y PDA  |z Electronic resource 
999 f f |i 770908e5-ab6f-4e11-b808-588f274f5a67  |s a6341e4f-65b2-4504-beb5-dbd4470fba83  |t 0 
952 f f |a Texas A&M University  |b College Station  |c Electronic Resources  |s www_evans  |d Available Online  |t 0  |e GV711 .R65 2020  |h Library of Congress classification 
998 f f |a GV711 .R65 2020  |t 0  |l Available Online